| 000 | 00756nam a2200217 4500 | ||
|---|---|---|---|
| 999 |
_c80577 _d80577 |
||
| 008 | 201207b ||||| |||| 00| 0 eng d | ||
| 040 |
_bger _cSTAFF _erda _aSTAFF |
||
| 041 | _ager | ||
| 100 | _aWeiss, Peter Ulrich: | ||
| 245 |
_aVon der Empörung zur Erhebung gegen das SED-Regime 1989 in Brandenburg _cPeter Ulrich Weiss |
||
| 490 |
_aDie Mark Brandenburg _vHeft 119: Rebellion und Revolution |
||
| 648 | _aNovember 1989 | ||
| 650 | _aFriedliche Revolution | ||
| 650 | _aNeues Forum | ||
| 651 | _aBrandenburg <Land> | ||
| 773 |
_dBerlin: Die Mark Brandenburg - Verlag für Regional- und Zeitgeschichte _g(2020) Heft 119, S. 44-48: Abb. _tDie Mark Brandenburg |
||
| 942 | _cA | ||